000 00518nam a2200157Ia 4500
008 170224s9999 xx 000 0 und d
100 _aMarina Krcmar
245 _aMoral Foundations Theory and Moral Reasoning in Video Game Play: Using Real-Life Morality in a Game Context
245 _cMarina Krcmar & Drew P. Cingel
260 _bJournal of Broadcasting & Electronic Media
260 _cMarch
300 _a60:1, Pages: 87-103
500 _aMarch
650 _xCommunication Arts
650 _xMultimedia Arts
999 _c316245
_d316245